000 00621nam a2200181Ia 4500
008 090123s9999 xx 000 0 und d
082 _b42149
100 _aसरोदे असिम
245 _aकौटुंबिक हिंसाचार आणि कायदा
250 _a1
260 _c2007
300 _a136
600 _aसरोदे असिम
630 _aकौटुंबिक हिंसाचार आणि कायदा
700 _aसरोदे असिम
730 _aकौटुंबिक हिंसाचार आणि कायदा
942 _cBOOK
999 _c80227
_d80227